[Event "Loire-ch Top20 0304"]
[Site "Loire"]
[Date "2004.04.24"]
[Round "8"]
[White "Lestra, Franck"]
[Black "Pupier, Terry"]
[Result "1/2-1/2"]
[WhiteElo "1770"]
[BlackElo "1790"]
[PlyCount "53"]
[EventDate "2003.09.27"]
[EventType "swiss"]
[EventRounds "9"]
[EventCountry "FRA"]
[SourceTitle "EXT 2008"]
[Source "ChessBase"]
[SourceDate "2007.11.25"]
[SourceVersion "1"]
[SourceVersionDate "2007.11.25"]
[SourceQuality "1"]

1. d4 Nf6 2. c4 e6 3. Nf3 b6 4. g3 Ba6 5. b3 Bb4+ 6. Bd2 Be7 7. Bg2 c6 8. 0-0 0-0 9. Bc3 d5 10. Ne5 Nfd7 11. Nxd7 Nxd7 12. Nd2 Rc8 13. e4 b5 14. Re1 bxc4 15. bxc4 dxc4 16. Qa4 Bb5 17. Qc2 e5 18. Bf1 exd4 19. Bxd4 Bb4 20. Bc3 Bxc3 21. Qxc3 Ne5 22. Nxc4 Bxc4 23. Bxc4 Qd6 24. Rad1 Qf6 25. f4 Nxc4 26. Qxc4 Rfd8 27. Qc2 1/2-1/2

[Event "Loire-ch Top20 0304"]
[Site "Loire"]
[Date "2003.12.13"]
[Round "4"]
[White "Lestra, Franck"]
[Black "Bruel, Bruno"]
[Result "0-1"]
[WhiteElo "1770"]
[BlackElo "1800"]
[PlyCount "104"]
[EventDate "2003.09.27"]
[EventType "swiss"]
[EventRounds "9"]
[EventCountry "FRA"]
[SourceTitle "EXT 2008"]
[Source "ChessBase"]
[SourceDate "2007.11.25"]
[SourceVersion "1"]
[SourceVersionDate "2007.11.25"]
[SourceQuality "1"]

1. d4 d5 2. c4 c6 3. Nf3 Nf6 4. Qc2 e6 5. g3 Be7 6. Bg2 Nbd7 7. b3 0-0 8. 0-0 c5 9. e3 b6 10. Ne5 Bb7 11. Bb2 Rc8 12. dxc5 Bxc5 13. Qe2 Qe7 14. Nd3 Bd6 15. Nd2 Nc5 16. Nxc5 Bxc5 17. cxd5 Nxd5 18. Qg4 f5 19. Qe2 e5 20. Rfd1 e4 21. Nc4 Nb4 22. Ba3 Nd3 23. Bxc5 Rxc5 24. Nb2 Ba6 25. Nxd3 Bxd3 26. Qb2 Rc2 27. Qd4 Rfc8 28. Bf1 Rd8 29. Qa4 Qc7 30. Kg2 Qd7 31. Bxd3 exd3 32. Qxd7 Rxd7 33. Kf3 g5 34. e4 g4+ 35. Ke3 Re2+ 36. Kf4 Rxf2+ 37. Ke5 fxe4 38. Kxe4 Re2+ 39. Kf5 h5 40. Kg6 Rxh2 41. Rac1 Kf8 42. Rc3 d2 43. Rc2 Ke7 44. Kg5 Ke6 45. Kf4 Re2 46. Kg5 Rd5+ 47. Kg6 Rf2 48. Rc6+ Kd7 49. Rf6 Rxf6+ 50. Kxf6 Kd6 51. Kg6 Ke6 52. Kh6 h4 0-1